Քաոս: (Record no. 77301)
[ view plain ]
| 000 -LEADER | |
|---|---|
| fixed length control field | 00926nam a22002537a 4500 |
| 003 - CONTROL NUMBER IDENTIFIER | |
| control field | SEM |
| 005 - DATE AND TIME OF LATEST TRANSACTION | |
| control field | 20260617153850.0 |
| 008 - FIXED-LENGTH DATA ELEMENTS--GENERAL INFORMATION | |
| fixed length control field | 260617s1976 ai ||||gr||||||01|||arm|d |
| 040 ## - CATALOGING SOURCE | |
| Original cataloging agency | SEM |
| Transcribing agency | SEM |
| 041 ## - LANGUAGE CODE | |
| Language code of text/sound track or separate title | arm |
| 080 ## - UNIVERSAL DECIMAL CLASSIFICATION NUMBER | |
| Universal Decimal Classification number | 891.981-3/Շ-66 |
| 100 ## - MAIN ENTRY--PERSONAL NAME | |
| Personal name | Շիրվանզադե |
| Dates associated with a name | (1858-1935) |
| Fuller form of name | (Մովսիսյան Ալեքսանդր Մինասի) |
| 245 ## - TITLE STATEMENT | |
| Title | Քաոս: |
| Remainder of title | Վեպ / |
| Statement of responsibility, etc. | Շիրվանզադե; Խմբ.` Ն. Արազյան |
| 246 ## - VARYING FORM OF TITLE | |
| Title proper/short title | Хаос / |
| 260 ## - PUBLICATION, DISTRIBUTION, ETC. | |
| Place of publication, distribution, etc. | Երևան : |
| Name of publisher, distributor, etc. | Հայաստան հրատ., |
| Date of publication, distribution, etc. | 1976. |
| 300 ## - PHYSICAL DESCRIPTION | |
| Extent | 384 էջ ; |
| Dimensions | 20 սմ |
| 490 ## - SERIES STATEMENT | |
| Series statement | Հայ դասականների գրադարան |
| 650 ## - SUBJECT ADDED ENTRY--TOPICAL TERM | |
| Topical term or geographic name entry element | Հայ գրականություն |
| General subdivision | արձակ |
| 650 ## - SUBJECT ADDED ENTRY--TOPICAL TERM | |
| Topical term or geographic name entry element | Գեղարվեստական գրականություն |
| General subdivision | արձակ |
| 653 ## - INDEX TERM--UNCONTROLLED | |
| Uncontrolled term | ՍԷՄ |
| 700 ## - ADDED ENTRY--PERSONAL NAME | |
| Personal name | Զարյան Ն. |
| Relator term | խմբ. |
| Relationship | edt. |
| 830 ## - SERIES ADDED ENTRY--UNIFORM TITLE | |
| Uniform title | Հայ դասականների գրադարան |
| 942 ## - ADDED ENTRY ELEMENTS (KOHA) | |
| Source of classification or shelving scheme | Universal Decimal Classification |
| Koha item type | Գրքեր/Books |
| Withdrawn status | Lost status | Source of classification or shelving scheme | Damaged status | Not for loan | Collection code | Home library | Current library | Date acquired | Cost, normal purchase price | Inventory number | Total Checkouts | Full call number | Barcode | Date last seen | Price effective from | Koha item type | Public note |
|---|---|---|---|---|---|---|---|---|---|---|---|---|---|---|---|---|---|
| Universal Decimal Classification | Գրապահոց | Մայր Աթոռ Սուրբ Էջմիածին «Վաչե և Թամար Մանուկյան» Մատենադարան | Մայր Աթոռ Սուրբ Էջմիածին «Վաչե և Թամար Մանուկյան» Մատենադարան | 17/06/2026 | 1500.00 | 37532 | 891.981-3/Շ-66 | 37532 | 17/06/2026 | 17/06/2026 | Գրքեր/Books | Սպասարկվում է ընթերցասրահ |